| 000 | 00410nam a22001457a 4500 | ||
|---|---|---|---|
| 082 | _aBEE-4 IMR | ||
| 100 |
_aSyed Maaz Imran _993070 |
||
| 245 | _aeDraw | ||
| 260 |
_aIslamabad _bNUST-SEECS _c2016 |
||
| 300 |
_a35p. _b27cm. _eCD Includes |
||
| 500 | _aSupervisors: Dr. Ahmad Salman, Dr. Salman Abdul Ghafoor | ||
| 563 | _aHB | ||
| 856 | _uhttp://10.250.8.41:8080/xmlui/handle/123456789/6243 | ||
| 942 |
_cPR _2ddc |
||
| 999 |
_c13647 _d13647 |
||